LEADER 01196nam0 22003011i 450 001 RML0307294 005 20231121125749.0 100 $a20121121f ||||0itac50 ba 101 | $aita 102 $ait 181 1$6z01$ai $bxxxe 182 1$6z01$an 200 1 $a˜Il œlaboratorio linguistico$eteoria e pratica$fVito Mantia, Maria Grazia Centemeri 210 $aBrescia $cLa Scuola $d©1975 215 $a685 p.$d24 cm 606 $aScuola dell'obbligo$xDidattica$2FIR$3RMLC002573$9I 606 $aLingue straniere$xInsegnamento$xScuola dell'obbligo$2FIR$3RMLC419634$9I 676 $a372.65$9Educazione. Lingue straniere e istruzione bilingue$v21 700 1$aMantia$b, Vito$3RMLV198072$0195550 701 1$aCentemeri$b, Mariagrazia$3RMLV198071$0758462 801 3$aIT$bIT-01$c20121121 850 $aIT-FR0017 899 $aBiblioteca umanistica Giorgio Aprea$bFR0017 912 $aRML0307294 950 0$aBiblioteca umanistica Giorgio Aprea$d 52CIS 13/1428$e 52VM 0000773195 VM barcode:00069811. - Inventario:4089 FSSVM$fA $h20081125$i20121204 977 $a 52 996 $aLaboratorio linguistico$91531803 997 $aUNICAS